|
|
|
|
| LEADER |
01952nam a2200301 a 4500 |
| 001 |
GR-MES1181 |
| 008 |
991111s1984 gr 000 0 gre d |
| 040 |
|
|
|a GrPaTEI
|b gre
|c GR-PaULI
|
| 245 |
0 |
0 |
|a Διαχείριση υλικών και συστήματα αποθεμάτων /
|c Richard J. Tersine ; επιμέλεια. Π. Ι. Αθανασόπουλος, μετάφραση Χ. Δ. Βαρδάκος
|n 1ος.
|
| 250 |
|
|
|a 2η εκδ.
|
| 260 |
|
|
|a Αθήνα :
|b Παπαζήσης,
|c 1984
|
| 300 |
|
|
|a 230σ. :
|b πιν. ;
|c 24εκ.
|
| 650 |
|
4 |
|a ΑΠΟΘΕΜΑΤΑ
|
| 650 |
|
4 |
|a Επιχείρηση
|
| 650 |
|
4 |
|a Οικονομία
|
| 650 |
|
4 |
|a Παραγωγή
|
| 650 |
|
4 |
|a Πωλήσεις
|
| 700 |
1 |
|
|a Tersine, Richard J.
|
| 700 |
1 |
|
|a Αθανασόπουλος, Παναγιώτης Ι.,
|d 1944-
|
| 700 |
1 |
|
|a Βαρδάκος, Χρήστος Δ.
|
| 942 |
|
|
|2 ddc
|
| 952 |
|
|
|0 0
|1 0
|2 ddc
|4 0
|6 658_787000000000000_TER
|7 0
|9 265141
|a MSLG
|b MSLG
|c BSC
|d 2021-01-17
|e 24
|f 0
|g 0.00
|l 0
|o 658.787 TER
|p 2420000000247
|r 2021-01-17 00:00:00
|t 1
|w 2021-01-17
|y BK15
|x 19991111 0 1
|x GrPaTEI
|
| 952 |
|
|
|0 0
|1 0
|2 ddc
|4 0
|6 658_787000000000000_TER
|7 0
|9 265142
|a MSLG
|b MSLG
|c BSC
|d 2021-01-17
|e 24
|f 0
|g 0.00
|l 0
|o 658.787 TER
|p 2420000004862
|r 2021-01-17 00:00:00
|t 1
|w 2021-01-17
|y BK15
|x 19991111 0 1
|x GrPaTEI
|
| 952 |
|
|
|0 0
|1 0
|2 ddc
|4 0
|6 658_787000000000000_TER
|7 0
|9 265143
|a MSLG
|b MSLG
|c BSC
|d 2021-01-17
|e 24
|f 0
|g 0.00
|l 0
|o 658.787 TER
|p 2420000004900
|r 2021-01-17 00:00:00
|t 1
|w 2021-01-17
|y BK15
|x 19991111 0 1
|x GrPaTEI
|
| 952 |
|
|
|0 0
|1 0
|2 ddc
|4 0
|6 658_787000000000000_TER
|7 0
|9 265144
|a MSLG
|b MSLG
|c BSC
|d 2021-01-17
|e 24
|f 0
|g 0.00
|l 0
|o 658.787 TER
|p 2420000005151
|r 2021-01-17 00:00:00
|t 1
|w 2021-01-17
|y BK15
|x 19991111 0 1
|x GrPaTEI
|
| 952 |
|
|
|0 0
|1 0
|2 ddc
|4 0
|6 658_787000000000000_TER
|7 0
|9 265145
|a MSLG
|b MSLG
|c BSC
|d 2021-01-17
|e 24
|f 0
|g 0.00
|l 0
|o 658.787 TER
|p 2420000005177
|r 2021-01-17 00:00:00
|t 1
|w 2021-01-17
|y BK15
|x 19991111 0 1
|x GrPaTEI
|
| 971 |
|
|
|a .b25722232
|b 15-04-20
|c 13-09-16
|
| 999 |
|
|
|c 152450
|d 152450
|